Vista normal
Vista MARC
Entrada Nombre personal
Número de registros utilizados en: 1
001 - NÚMERO DE CONTROL
- Campo de control: 45642
003 - IDENTIFICADOR DE NÚMERO DE CONTROL
- Campo de control: OSt
005 - FECHA Y HORA DE LA ULTIMA MODIFICACION
- Campo de control: 20210820155249.0
008 - ELEMENTOS DE DATOS DE LONGITUD FIJA
- Campo de longitud fija: 210820|| aca||aabn | a|a d
040 ## - FUENTE DE LA CATALOGACIÓN
- Agencia original de catalogación: OSt
100 1# - ENCABEZAMIENTO--NOMBRE DE PERSONA
- Nombre personal: Henríquez Bolaños, Gilma Maribel
670 ## - FUENTE DE DATOS ENCONTRADOS
- Fuente de citación: Investigación, Evaluación de atrayentes e identificación de descortezadores del pino (Dentroctonus spp. e spp) en El Salvador
670 ## - FUENTE DE DATOS ENCONTRADOS
- Fuente de citación: BMC.- 20-08-2021